000 01162cam a22003377a 4500
999 _c4492
_d4492
001 15585503
005 20170801105021.0
008 090113s2008 enk b 001 0 eng d
010 _a 2009367044
015 _aGBA684286
_2bnb
016 7 _a013568062
_2Uk
020 _a1844650782 (hbk.)
020 _a1844650790 (pbk.)
020 _a9781844650781 (hbk.)
020 _a9781844650798 (pbk.)
035 _a(OCoLC)ocm72150964
040 _aUKM
_cUKM
_dBAKER
_dYDXCP
_dBTCTA
_dBWKUK
_dBWK
_dCDX
_dDLC
042 _alccopycat
050 0 0 _aB828.2
_b.R58 2008
082 0 4 _a146
_222
100 1 _aRitchie, Jack.
_934147
245 1 0 _aUnderstanding naturalism /
_cJack Ritchie.
260 _aStocksfield [England] :
_bAcumen Pub.,
_c2008.
300 _ax, 218 p. ;
_c23 cm.
440 0 _aUnderstanding movements in modern thought
_95557
504 _aIncludes bibliographical references (p. 208-214) and index.
650 0 _aNaturalism.
_919797
906 _a7
_bcbc
_ccopycat
_d2
_encip
_f20
_gy-gencatlg
942 _2lcc
_cMONOGRAPH